[Event "6th Uppsala Young Champions 2019"]
[Site "Uppsala"]
[Date "2019.10.25"]
[Round "1.13"]
[White "Palozza, Christian"]
[Black "Soderstrom, Adrian"]
[Result "1-0"]
[WhiteElo "2187"]
[BlackElo "1960"]
[Annotator "RC"]
[PlyCount "89"]
[EventDate "2019.10.25"]
[EventType "swiss"]
[EventCountry "SWE"]
[SourceTitle "playchess.com"]
[Source "ChessBase"]
[SourceQuality "1"]
[TimeControl "5400+30"]

1. d4 {[%emt 0:00:00]} Nf6 {[%emt 0:00:00]} 2. c4 {[%emt 0:00:00]} g6 {[%emt 0:00:00]} 3. Nf3 {[%emt 0:00:04]} Bg7 {[%emt 0:00:17]} 4. g3 {[%emt 0:00:06]} O-O {[%emt 0:00:07]} 5. Bg2 {[%emt 0:00:04]} d6 {[%emt 0:00:04]} 6. Nc3 {[%emt 0:00:11]} Nc6 {[%emt 0:00:04]} 7. O-O {[%emt 0:00:07]} e5 {[%emt 0:00:21]} 8. dxe5 {[%emt 0:01:50]} dxe5 {[%emt 0:00:25]} 9. Qxd8 {[%emt 0:00:07]} Rxd8 {[%emt 0:00:03]} 10. Bg5 {[%emt 0:00:07]} Be6 {[%emt 0:00:12]} 11. Nd2 {[%emt 0:01:38]} h6 {[%emt 0:03:22]} 12. Bxf6 {[%emt 0:00:06]} Bxf6 {[%emt 0:00:01]} 13. Rfd1 {[%emt 0:11:36]} Bg5 {[%emt 0:13:53]} 14. e3 {[%emt 0:00:44]} Bg4 {[%emt 0:00:31]} 15. Nf3 {[%emt 0:07:55]} Rxd1+ {[%emt 0:02:13]} 16. Rxd1 {[%emt 0:01:01]} Rd8 {[%emt 0:00:28]} 17. Rxd8+ {[%emt 0:06:24]} Bxd8 {[%emt 0:00:35]} 18. Nd2 {[%emt 0:00:08]} Be6 {[%emt 0:07:53]} 19. Kf1 {[%emt 0:01:34]} Kf8 {[%emt 0:01:23]} 20. a3 {[%emt 0:02:01]} Na5 {[%emt 0:05:24]} 21. Bd5 {[%emt 0:02:24]} Ke7 {[%emt 0:09:22]} 22. Ke2 Bxd5 {[%emt 0:00:30]} 23. cxd5 b6 {[%emt 0:00:30]} 24. b4 Nb7 {[%emt 0:00:30]} 25. Nc4 f6 {[%emt 0:00:30]} 26. Nb5 a6 {[%emt 0:00:30]} 27. Na7 Nd6 {[%emt 0:00:30]} 28. Nc6+ Kd7 {[%emt 0:00:30]} 29. Nxd6 cxd6 {[%emt 0:00:30]} 30. Nb8+ Kc8 {[%emt 0:00:30]} 31. Nc6 f5 {[%emt 0:00:30]} 32. a4 Bf6 {[%emt 0:00:30]} 33. e4 Kc7 {[%emt 0:00:30]} 34. Ke3 fxe4 {[%emt 0:00:30]} 35. Kxe4 Kd7 {[%emt 0:00:30]} 36. Nb8+ Kc8 {[%emt 0:00:30]} 37. Nxa6 b5 {[%emt 0:00:30]} 38. axb5 Kb7 {[%emt 0:00:30]} 39. Nc5+ dxc5 {[%emt 0:00:30]} 40. bxc5 Kc7 {[%emt 0:00:30]} 41. d6+ Kd7 {[%emt 0:00:30]} 42. Kd5 e4 {[%emt 0:00:30]} 43. c6+ Kc8 {[%emt 0:00:30]} 44. b6 h5 {[%emt 0:00:30]} 45. c7 1-0

[Event "6th Uppsala Young Champions 2019"]
[Site "Uppsala"]
[Date "2019.10.25"]
[Round "1.14"]
[White "Grahn, Vidar"]
[Black "Apol, Luitjen Akselsson"]
[Result "0-1"]
[WhiteElo "1926"]
[BlackElo "2129"]
[Annotator "TA"]
[PlyCount "48"]
[EventDate "2019.10.25"]
[EventType "swiss"]
[EventCountry "SWE"]
[SourceTitle "playchess.com"]
[Source "ChessBase"]
[SourceQuality "1"]

{[%evp 11,47,0,17,4,24,10,16,17,24,11,27,-19,33,33,33,25,24,21,47,43,37,31,26,-3,22,-12,-10,-11,41,0,21,-29996,-29997,-29997,-29998,-29998,-29999,-29999]} 1. d4 Nf6 2. Nf3 g6 3. e3 Bg7 4. b3 O-O 5. Bb2 d6 6. c4 Nbd7 7. Qc2 {E60: King's Indian: Unusual lines and Fianchetto Variation without Nc3} (7. Be2 c6 8. O-O a6 9. Qc2 Qc7 10. Rd1 Re8 11. Nc3 e5 12. b4 Nf8 13. dxe5 dxe5 14. c5 e4 15. Nd2 Ng4 16. Bxg4 Bxg4 {0-1 (49) Riazantsev,A (2649)-Iljiushenok,I (2532) Cheliabinsk 2018}) 7... c6 8. Bd3 Re8 9. O-O {The position is equal.} e5 {aiming for ...e4.} 10. Nc3 {[%cal Bb1c3,Bc3e4,Be4d6][%mdl 32]} Nf8 11. Nd2 $146 ({Predecessor:} 11. dxe5 dxe5 12. Rfd1 Qe7 13. Ng5 Ng4 14. Nge4 f5 15. Ng3 Qh4 {½-½ (40) Simon,M (1907)-Ross,T (1943) Germany 2012}) 11... h5 (11... exd4 $11 12. exd4 Ne6) 12. dxe5 $14 dxe5 13. c5 Nd5 {White must now prevent ...Nb4.} 14. a3 Ne6 15. Nce4 Qe7 16. b4 a5 17. Nd6 Rd8 18. e4 Ndf4 19. N2c4 Qh4 (19... Nxd3 $11 20. Qxd3 Nf4) 20. g3 ({Wrong is} 20. Bxe5 $2 Bxe5 21. Nxe5 {[#]} Qg5 $1 $19 {[%mdl 512]}) 20... Qh3 {[%csl Gf4][%cal Rh3g2]} 21. gxf4 $4 {[%mdl 8192] [#]} (21. f3 $11 Nxd3 22. Qxd3) 21... Qg4+ {[%mdl 64] Double Attack. Black mates.} 22. Kh1 Qf3+ 23. Kg1 Nxf4 {[%cal Rf4h3]} 24. Ne3 Nh3# {Accuracy: White = 41%, Black = 51%.} 0-1

[Event "6th Uppsala Young Champions 2019"]
[Site "Uppsala"]
[Date "2019.10.25"]
[Round "1.15"]
[White "Papunidi, Matvey"]
[Black "Dingertz, Erik"]
[Result "1-0"]
[WhiteElo "2083"]
[BlackElo "1908"]
[Annotator "NA RC"]
[PlyCount "67"]
[EventDate "2019.10.25"]
[EventType "swiss"]
[EventCountry "SWE"]
[SourceTitle "playchess.com"]
[Source "ChessBase"]
[SourceQuality "1"]
[TimeControl "5400+30"]

1. c4 {[%emt 1:30:30]} e5 {[%emt 1:30:30]} 2. Nc3 {[%emt 0:00:30]} Nf6 {[%emt 0:00:30]} 3. g3 {[%emt 0:00:30]} d5 {[%emt 0:00:30]} 4. cxd5 {[%emt 0:00:30]} Nxd5 {[%emt 0:00:30]} 5. Bg2 {[%emt 0:00:30]} Nb6 {[%emt 0:00:30]} 6. Nf3 {[%emt 0:00:30]} Nc6 {[%emt 0:00:30]} 7. O-O {[%emt 0:00:30]} Be6 {[%emt 0:00:30]} 8. d3 {[%emt 0:00:30]} Be7 {[%emt 0:00:30]} 9. Be3 {[%emt 0:00:30]} O-O {[%emt 0:00:30]} 10. Qd2 {[%emt 0:00:30]} Nd5 {[%emt 0:00:30]} 11. Nxd5 {[%emt 0:00:30]} Bxd5 {[%emt 0:00:30]} 12. Rfc1 {[%emt 0:00:30]} f5 {[%emt 0:00:30]} 13. Bc5 {[%emt 0:00:30]} Re8 {[%emt 0:00:30]} 14. Bxe7 {[%emt 0:00:30]} Qxe7 {[%emt 0:00:30]} 15. Qc3 {[%emt 0:00:30]} Rad8 {[%emt 0:00:30]} 16. Nh4 {[%emt 0:00:30]} Nd4 {[%emt 0:00:30]} 17. Bxd5+ {[%emt 0:00:30]} Rxd5 {[%emt 0:00:30]} 18. Kf1 {[%emt 0:00:30]} g5 {[%emt 0:00:30]} 19. Nxf5 {[%emt 0:00:30]} Nxf5 {[%emt 0:00:30]} 20. e4 {[%emt 0:00:30]} Nxg3+ {[%emt 0:00:30]} 21. hxg3 {[%emt 0:00:30]} Rd7 {[%emt 0:00:30]} 22. Qb3+ {[%emt 0:00:30]} Qf7 {[%emt 0:00:30]} 23. Qxb7 {[%emt 0:00:30]} Rf8 {[%emt 0:00:30]} 24. Qxa7 {[%emt 0:00:30]} Rd4 {[%emt 0:00:30]} 25. Rc2 {[%emt 0:00:30]} Qf3 {[%emt 0:00:30]} 26. Kg1 {[%emt 0:00:30]} Rxd3 {[%emt 0:00:30]} 27. Rf1 {[%emt 0:00:30]} Rd1 {[%emt 0:00:30]} 28. Qa6 {[%emt 0:00:30]} Rfd8 {[%emt 0:00:30]} 29. Qe6+ {[%emt 0:00:30]} Kf8 {[%emt 0:00:30]} 30. Qf5+ {[%emt 0:00:30]} Qxf5 {[%emt 0:00:30]} 31. exf5 {[%emt 0:00:30]} R1d2 {[%emt 0:00:30]} 32. Rxc7 {[%emt 0:00:30]} Rxb2 {[%emt 0:00:30]} 33. Rxh7 {[%emt 0:00:30]} Rxa2 {[%emt 0:00:30]} 34. Rh8+ {[%emt 0:00:30]} 1-0

[Event "6th Uppsala Young Champions 2019"]
[Site "Uppsala"]
[Date "2019.10.26"]
[Round "2.1"]
[White "Apol, Luitjen Akselsson"]
[Black "Mihajlov, Sebastian"]
[Result "0-1"]
[WhiteElo "2129"]
[BlackElo "2387"]
[Annotator "NA"]
[PlyCount "118"]
[EventDate "2019.10.25"]
[EventType "swiss"]
[EventCountry "SWE"]
[SourceTitle "playchess.com"]
[Source "ChessBase"]
[SourceQuality "1"]
[TimeControl "5400+30"]

{[%evp 8,86,20,22,21,12,19,24,38,22,10,0,-6,0,13,-3,13,-56,-39,-80,-12,-15,-11,-10,-42,-10,-8,-29,21,-25,18,-36,32767,32767,-23,-39,-45,32767,32767,-37,32767,-63,32767,-64,-16,-66,-58,32767,32767,32767,-66,-75,-61,-56,32767,-53,-62,32767,-51,-59,-61,32767,-81,-231,-236,-237,-247,-244,32767,-220,-228,32767,32767,32767,32767,-259,-268,32767,32767,32767,-306]} 1. e4 {[%emt 0:00:00]} c5 {[%emt 0:08:37]} 2. Nf3 {[%emt 0:00:13]} Nc6 {[%emt 0:00:05]} 3. d4 {[%emt 0:00:28]} cxd4 {[%emt 0:00:04]} 4. Nxd4 {[%emt 0:00:06]} e5 {[%emt 0:00:04]} 5. Nb5 {[%emt 0:00:10]} d6 {[%emt 0:00:04]} 6. N1c3 {[%emt 0:01:05]} a6 {[%emt 0:00:26]} 7. Na3 {[%emt 0:00:07]} Be6 {[%emt 0:00:13]} 8. Be2 {[%emt 0:11:36]} Nf6 {[%emt 0:04:15]} 9. Bg5 {[%emt 0:00:25]} Be7 {[%emt 0:02:10]} 10. Bxf6 {[%emt 0:11:25]} Bxf6 {[%emt 0:00:11]} 11. Nc4 {[%emt 0:02:02]} Nd4 {[%emt 0:02:14]} 12. a4 {[%emt 0:02:30]} ({Better is} 12. Ne3 $11) 12... Rc8 {[%emt 0:01:12]} 13. Ne3 {[%emt 0:01:37]} Bg5 {[%emt 0:06:29]} (13... Qb6 $5 {[%cal Rb6b2]} 14. Rb1 Nxe2 15. Kxe2 Bg5 $15) 14. Bd3 {[%emt 0:05:00]} Bxe3 {[%emt 0:14:39]} 15. fxe3 {[%emt 0:00:08]} Nc6 {[%emt 0:00:02]} 16. O-O {[%emt 0:05:53]} O-O {[%emt 0:01:20]} 17. Qd2 {[%emt 0:10:11]} Qc7 {[%emt 0:07:46]} 18. Rad1 {[%emt 0:03:36]} Rfd8 {[%emt 0:00:27]} 19. Kh1 {[%emt 0:03:05]} Nb4 {[%emt 0:01:59]} 20. Nd5 {[%emt 0:09:04]} Bxd5 {[%emt 0:01:37]} 21. Qxb4 {[%emt 0:00:17]} Be6 {[%emt 0:01:22]} 22. Qe1 {[%emt 0:02:31]} Qc6 {[%emt 0:01:46]} 23. b3 {[%emt 0:01:35]} d5 {[%emt 0:04:12]} 24. Qh4 {[%emt 0:01:17]} (24. exd5 $11 Bxd5 25. Qf2) 24... h6 {[%emt 0:00:13]} 25. h3 {[%emt 0:01:31]} (25. exd5 $11 Bxd5 26. Be4) 25... Rd6 {[%emt 0:01:20]} 26. Rd2 {[%emt 0:01:53]} d4 {[%emt 0:06:27]} 27. exd4 {[%emt 0:00:49]} Rxd4 {[%emt 0:00:05]} 28. Qg3 {[%emt 0:00:25]} Qc3 {[%emt 0:01:30]} 29. Rfd1 {[%emt 0:00:58]} Rd6 {[%emt 0:03:47]} 30. Qf2 {[%emt 0:02:47]} Rcd8 {[%emt 0:00:25]} 31. Qf1 {[%emt 0:01:26]} f6 {[%emt 0:05:02]} 32. Qf3 {[%emt 0:01:50]} Bf7 {[%emt 0:00:59]} 33. Qe2 {[%emt 0:02:12]} Rd4 {[%emt 0:00:58]} 34. Qf3 {[%emt 0:03:06]} Kf8 {[%emt 0:00:54]} 35. Qg3 $2 {[%emt 0:01:51]} (35. Kg1 $15) 35... Bh5 {[%emt 0:00:33]} 36. Qe3 {[%emt 0:02:28]} Bxd1 {[%emt 0:00:08]} 37. Rxd1 {[%emt 0:00:01]} b5 {[%emt 0:02:39]} 38. axb5 {[%emt 0:00:15]} axb5 {[%emt 0:00:05]} 39. Rf1 {[%emt 0:00:14]} Qc6 {[%emt 0:03:20]} 40. Ra1 {[%emt 0:01:37]} Ra8 {[%emt 0:00:08]} 41. Qe1 {[%emt 0:01:41]} Rxa1 {[%emt 0:02:15]} 42. Qxa1 {[%emt 0:00:09]} Qb6 {[%emt 0:00:08]} 43. Qc3 {[%emt 0:01:36]} g6 $19 {[%emt 0:00:52]} 44. Qc8+ {[%emt 0:01:07]} Kg7 {[%emt 0:00:06]} 45. Qe8 {[%emt 0:00:46]} Qc5 {[%emt 0:07:53]} 46. Kh2 {[%emt 0:01:08]} h5 {[%emt 0:00:13]} 47. h4 {[%emt 0:00:49]} f5 {[%emt 0:04:04]} 48. b4 {[%emt 0:02:31]} Qd6 {[%emt 0:00:05]} 49. Qxb5 {[%emt 0:01:28]} Rxb4 {[%emt 0:00:26]} 50. Qa5 {[%emt 0:01:07]} Qe7 {[%emt 0:00:29]} 51. g3 {[%emt 0:05:24]} fxe4 {[%emt 0:00:21]} 52. Be2 {[%emt 0:00:00]} e3 {[%emt 0:00:36]} 53. Qa6 {[%emt 0:00:21]} Rb1 {[%emt 0:01:23]} 54. Qa5 {[%emt 0:00:35]} Qb7 {[%emt 0:01:43]} 55. Qxe5+ {[%emt 0:00:12]} Kh7 {[%emt 0:00:06]} 56. g4 {[%emt 0:00:27]} Qh1+ {[%emt 0:00:17]} 57. Kg3 {[%emt 0:00:03]} Rg1+ {[%emt 0:01:24]} 58. Kf4 {[%emt 0:00:01]} Qh2+ {[%emt 0:00:19]} 59. Ke4 {[%emt 0:00:01]} Rxg4+ {[%emt 0:07:03]} 0-1

[Event "6th Uppsala Young Champions 2019"]
[Site "Uppsala"]
[Date "2019.10.26"]
[Round "2.2"]
[White "Nilsson, Joakim"]
[Black "Papunidi, Matvey"]
[Result "0-1"]
[WhiteElo "2305"]
[BlackElo "2083"]
[Annotator "NA"]
[PlyCount "78"]
[EventDate "2019.10.25"]
[EventType "swiss"]
[EventCountry "SWE"]
[SourceTitle "playchess.com"]
[Source "ChessBase"]
[SourceQuality "1"]
[TimeControl "5400+30"]

{[%evp 13,78,-15,-23,-30,-20,32767,-20,-43,14,-24,-14,-88,-86,-70,-21,-15,3,18,39,-139,-138,-137,-149,-136,-135,-115,-117,-133,-130,-124,-132,-267,-283,-333,-320,-331,-327,-442,-485,32767,32767,32767,-281,32767,-222,-248,-207,-293,-277,-281,-279,-305,-300,-406,-413,32767,-556,-628,-608,-550,32767,-628,-743,-898,32767,32767,-1610]} 1. d4 {[%emt 0:00:00]} d5 {[%emt 0:00:00]} 2. c4 {[%emt 0:00:07]} c6 {[%emt 0:00:00]} 3. Nf3 {[%emt 0:00:06]} e6 {[%emt 0:00:00]} 4. g3 {[%emt 0:00:08]} dxc4 {[%emt 0:00:00]} 5. Bg2 {[%emt 0:00:09]} b5 {[%emt 0:00:39]} 6. O-O {[%emt 0:00:08]} Bb7 {[%emt 0:02:24]} 7. Qc2 {[%emt 0:00:22] D30: Queen's Gambit Declined: Systems without Nc3} (7. a4 a6 8. Nc3 Nf6 9. Ne5 Nd5 10. e4 Nxc3 11. bxc3 Nd7 12. f4 Be7 13. Ng4 O-O 14. e5 f5 15. exf6 Nxf6 16. Qe2 Qc8 17. Nxf6+ Bxf6 18. Ba3 c5 19. Bxc5 Re8 20. Bxb7 Qxb7 21. Qg2 {½-½ (62) Miton,K (2588)-Tomashevsky,E (2705) St Petersburg 2018}) 7... Nf6 {[%emt 0:01:09]} 8. b3 {[%emt 0:00:39]} cxb3 {[%emt 0:00:23]} 9. axb3 {[%emt 0:00:09]} Be7 {[%emt 0:05:36]} 10. Bd2 {[%emt 0:00:17]} b4 $146 {[%emt 0:10:01]} ({Predecessor:} 10... O-O 11. Ba5 Qc8 12. Rc1 Na6 13. Nc3 {½-½ (49) Nilsson,J (2191)-Kucuksari,K (2327) Uppsala 2018}) 11. Rc1 {[%emt 0:06:41]} O-O {[%emt 0:01:44]} 12. e3 {[%emt 0:04:30]} (12. Bg5 $11 {remains equal.}) 12... Nbd7 {[%emt 0:15:49]} 13. Ne1 {[%emt 0:02:18]} Qb6 {[%emt 0:03:12]} (13... a5 $17 14. Nd3 Ba6) 14. Nd3 {[%emt 0:03:23]} Rfc8 {[%emt 0:00:27]} 15. Nc5 $1 {[%emt 0:00:52]} a5 {[%emt 0:09:22]} 16. Be1 $2 {[%emt 0:06:49]} (16. Nxb7 $11 Qxb7 17. Bxc6) 16... Nxc5 {[%emt 0:02:00]} 17. dxc5 {[%emt 0:00:20]} Qc7 {[%emt 0:00:31]} 18. Nd2 {[%emt 0:12:59]} Nd7 {[%emt 0:01:15]} 19. Ne4 {[%emt 0:01:58]} f5 {[%emt 0:00:06]} 20. Nd6 {[%emt 0:01:40]} Bxd6 {[%emt 0:00:04]} 21. cxd6 {[%emt 0:00:07]} Qxd6 {[%emt 0:00:01]} 22. e4 {[%emt 0:01:50]} (22. f4 $17 {was called for.}) 22... c5 {[%emt 0:06:43]} 23. Bd2 {[%emt 0:06:56]} Bxe4 {[%emt 0:02:58]} 24. Bxe4 {[%emt 0:00:20]} fxe4 {[%emt 0:00:03]} 25. Qxe4 {[%emt 0:06:58]} Qd5 {[%emt 0:00:09]} 26. Re1 {[%emt 0:03:33]} Qxe4 {[%emt 0:04:13]} 27. Rxe4 {[%emt 0:00:49]} Ra6 {[%emt 0:00:50]} 28. Be3 {[%emt 0:02:09] [#]} Kf7 {[%emt 0:06:10]} (28... a4 $142 $1 29. bxa4 (29. Rxa4 Rxa4) 29... c4) 29. Rc4 {[%emt 0:00:36]} Ke7 {[%emt 0:02:27]} 30. Rd1 {[%emt 0:00:40]} a4 {[%emt 0:06:54]} 31. bxa4 {[%emt 0:00:29]} Rxa4 {[%emt 0:00:08]} 32. Bg5+ {[%emt 0:00:58]} Ke8 {[%emt 0:06:51]} 33. Rdc1 {[%emt 0:07:44]} Rca8 {[%emt 0:01:48]} 34. Be3 {[%emt 0:04:29]} b3 {[%emt 0:00:20]} 35. Rxa4 {[%emt 0:00:33]} Rxa4 {[%emt 0:00:05]} 36. Rb1 {[%emt 0:00:08]} c4 {[%emt 0:00:50]} 37. Kf1 {[%emt 0:00:28]} Ra2 {[%emt 0:00:49]} 38. Ke1 {[%emt 0:02:04]} Ne5 {[%emt 0:00:33]} 39. Kd1 {[%emt 0:00:51]} Nd3 $19 {[%emt 0:00:18]} 0-1

[Event "6th Uppsala Young Champions 2019"]
[Site "Uppsala"]
[Date "2019.10.26"]
[Round "2.3"]
[White "Nguyen, Gabriel"]
[Black "Kristensen, Bjarke Hautop"]
[Result "1/2-1/2"]
[WhiteElo "2071"]
[BlackElo "2223"]
[Annotator "ChessBase"]
[PlyCount "66"]
[EventDate "2019.10.25"]
[EventType "swiss"]
[EventCountry "SWE"]
[SourceTitle "playchess.com"]
[Source "ChessBase"]
[SourceQuality "1"]
[TimeControl "5400+30"]

1. d4 {[%emt 0:00:00]} Nf6 {[%emt 0:00:00]} 2. c4 {[%emt 0:00:00]} g6 {[%emt 0:00:00]} 3. Nc3 {[%emt 0:00:00]} d5 {[%emt 0:00:00]} 4. cxd5 {[%emt 0:07:49]} Nxd5 {[%emt 0:00:02]} 5. e4 {[%emt 0:00:04]} Nxc3 {[%emt 0:00:06]} 6. bxc3 {[%emt 0:00:03]} Bg7 {[%emt 0:00:06]} 7. Be3 {[%emt 0:00:04]} c5 {[%emt 0:00:24]} 8. Qd2 {[%emt 0:00:08]} cxd4 {[%emt 0:03:28]} 9. cxd4 {[%emt 0:00:51]} Nc6 {[%emt 0:00:01]} 10. Nf3 {[%emt 0:00:20]} Bg4 {[%emt 0:00:20]} 11. Rd1 {[%emt 0:01:01]} O-O {[%emt 0:00:41]} 12. Be2 {[%emt 0:04:14]} Qa5 {[%emt 0:04:15]} 13. O-O {[%emt 0:04:16]} Rac8 {[%emt 0:14:43]} 14. Qxa5 {[%emt 0:09:36]} Nxa5 {[%emt 0:00:05]} 15. Rc1 {[%emt 0:01:35]} a6 {[%emt 0:04:00]} 16. d5 {[%emt 0:12:27]} b5 {[%emt 0:00:29]} 17. Bc5 {[%emt 0:16:18]} Bb2 {[%emt 0:09:44]} 18. Rb1 {[%emt 0:03:01]} Rxc5 {[%emt 0:01:14]} 19. Rxb2 {[%emt 0:00:03]} Rfc8 {[%emt 0:04:18]} 20. h3 {[%emt 0:01:33]} Bxf3 {[%emt 0:00:34]} 21. gxf3 {[%emt 0:00:03]} Rc2 {[%emt 0:06:35]} 22. Rfb1 {[%emt 0:00:14]} Rxb2 {[%emt 0:02:37]} 23. Rxb2 {[%emt 0:00:16]} Rc1+ {[%emt 0:01:10]} 24. Kg2 {[%emt 0:00:05]} Nc4 {[%emt 0:00:03]} 25. Bxc4 {[%emt 0:00:46]} Rxc4 {[%emt 0:00:06]} 26. Kg3 {[%emt 0:00:51]} Kg7 {[%emt 0:00:48]} 27. Rd2 {[%emt 0:09:35]} a5 {[%emt 0:03:28]} 28. Kf4 {[%emt 0:00:23]} f6 {[%emt 0:02:29]} 29. Ke3 {[%emt 0:00:49]} Rc3+ {[%emt 0:09:32]} 30. Rd3 {[%emt 0:02:18]} Rc2 {[%emt 0:00:06]} 31. Rd2 {[%emt 0:07:23]} Rc3+ {[%emt 0:02:39]} 32. Rd3 {[%emt 0:00:06]} Rc2 {[%emt 0:00:05]} 33. Rd2 {[%emt 0:00:03]} Rc3+ {[%emt 0:32:22]} 1/2-1/2

[Event "6th Uppsala Young Champions 2019"]
[Site "Uppsala"]
[Date "2019.10.26"]
[Round "2.4"]
[White "Falkevall, Axel"]
[Black "Abdrlauf, Elham"]
[Result "0-1"]
[WhiteElo "2036"]
[BlackElo "2213"]
[Annotator "NA"]
[PlyCount "124"]
[EventDate "2019.10.25"]
[EventType "swiss"]
[EventCountry "SWE"]
[SourceTitle "playchess.com"]
[Source "ChessBase"]
[SourceQuality "1"]
[TimeControl "5400+30"]

1. e4 {[%emt 0:00:00]} c5 {[%emt 0:12:46]} 2. c3 {[%emt 0:00:00]} d5 {[%emt 0:01:07]} 3. exd5 {[%emt 0:00:00]} Qxd5 {[%emt 0:00:04]} 4. d4 {[%emt 0:00:00]} Nf6 {[%emt 0:00:09]} 5. Nf3 {[%emt 0:00:27]} cxd4 {[%emt 0:00:27]} 6. cxd4 {[%emt 0:00:06]} g6 {[%emt 0:00:36]} 7. Nc3 {[%emt 0:00:25]} Qd8 {[%emt 0:00:05]} 8. Bc4 {[%emt 0:01:10]} Bg7 $1 {[%emt 0:02:16]} 9. O-O {[%emt 0:01:56]} O-O {[%emt 0:00:19]} 10. h3 {[%emt 0:02:39]} Nbd7 {[%emt 0:08:18]} 11. Re1 {[%emt 0:04:32]} Nb6 {[%emt 0:01:57] D94: Grünfeld: 4 Nf3 Bg7 5 e3} 12. Bb3 {[%emt 0:00:47]} Nbd5 {[%emt 0:06:40]} 13. Bg5 {[%emt 0:13:09]} h6 $146 {[%emt 0:07:37]} ({Predecessor:} 13... b6 14. Ne5 Bb7 15. Rc1 Nxc3 16. bxc3 b5 17. Qe2 a6 {0-1 (57) Popov,I (2617)-Yandemirov,V (2461) Moscow 2010}) 14. Bxf6 {[%emt 0:08:21]} Nxf6 {[%emt 0:04:25]} 15. Qe2 {[%emt 0:02:44]} e6 {[%emt 0:01:33]} 16. Rad1 {[%emt 0:02:36]} Bd7 {[%emt 0:23:54]} 17. d5 {[%emt 0:21:44]} exd5 {[%emt 0:00:09]} 18. Nxd5 {[%emt 0:00:22]} ({Much weaker is} 18. Bxd5 $6 Nxd5 19. Nxd5 Re8 $11) 18... Nxd5 {[%emt 0:00:02]} 19. Bxd5 {[%emt 0:00:12]} Qb6 {[%emt 0:04:23]} 20. Qe7 {[%emt 0:05:29]} Bc6 {[%emt 0:02:46]} 21. Bxc6 {[%emt 0:05:49]} Qxc6 {[%emt 0:07:20]} 22. Qe2 {[%emt 0:06:03]} Qb6 {[%emt 0:02:39]} 23. Rd3 {[%emt 0:05:14]} Qa6 {[%emt 0:01:00]} 24. Ra3 {[%emt 0:00:51]} Qf6 {[%emt 0:00:30]} 25. Rb3 {[%emt 0:00:58]} b6 {[%emt 0:00:02]} 26. Nd2 {[%emt 0:04:59]} Rfd8 {[%emt 0:01:13]} 27. Nc4 {[%emt 0:01:50]} Rac8 {[%emt 0:02:31]} 28. Ne3 {[%emt 0:02:10]} Qe6 {[%emt 0:00:25]} 29. Rd1 {[%emt 0:00:59]} Rxd1+ {[%emt 0:01:20]} 30. Qxd1 {[%emt 0:00:11]} Qe4 $15 {[%emt 0:00:02]} 31. a3 {[%emt 0:04:14]} Be5 {[%emt 0:05:38]} 32. Rb4 {[%emt 0:01:04]} Qb7 {[%emt 0:00:03]} 33. Ng4 {[%emt 0:02:23]} Bg7 {[%emt 0:01:34]} 34. Qd2 {[%emt 0:00:49]} h5 {[%emt 0:00:28]} 35. Ne3 {[%emt 0:00:16]} Qe7 {[%emt 0:01:12]} 36. Rc4 {[%emt 0:01:14]} Rd8 {[%emt 0:00:14]} 37. Qc2 {[%emt 0:00:23]} Be5 {[%emt 0:00:31]} 38. Re4 {[%emt 0:01:04]} Qd6 {[%emt 0:00:44]} 39. Kf1 {[%emt 0:00:52]} Bf6 {[%emt 0:00:28]} 40. Kg1 {[%emt 0:00:35]} Kg7 {[%emt 0:00:20]} 41. Rc4 {[%emt 0:00:31]} Qd2 {[%emt 0:00:53]} 42. Qxd2 {[%emt 0:01:14]} Rxd2 {[%emt 0:00:12]} 43. Rc7 {[%emt 0:00:23]} Rxb2 {[%emt 0:01:04]} 44. Rxa7 {[%emt 0:00:08]} Rb1+ {[%emt 0:00:21]} 45. Nf1 {[%emt 0:00:27]} Bd4 {[%emt 0:00:09]} 46. Rd7 {[%emt 0:00:31]} Bc5 {[%emt 0:00:01]} 47. a4 {[%emt 0:00:29]} Ra1 {[%emt 0:00:17]} 48. Rd2 {[%emt 0:00:27]} Rxa4 {[%emt 0:00:10]} 49. Kh2 {[%emt 0:00:09]} Ra7 {[%emt 0:01:02]} 50. Ne3 {[%emt 0:00:26]} Bxe3 {[%emt 0:00:22]} 51. fxe3 {[%emt 0:00:06]} b5 {[%emt 0:00:12]} 52. Kg3 {[%emt 0:01:17]} b4 {[%emt 0:00:34]} 53. Kf4 {[%emt 0:00:15]} b3 {[%emt 0:00:13]} 54. Rb2 {[%emt 0:00:10]} Rb7 {[%emt 0:00:01]} 55. Ke4 {[%emt 0:00:39]} Kf6 {[%emt 0:00:06]} 56. Kd4 {[%emt 0:00:16]} Ke6 {[%emt 0:00:33]} 57. g4 {[%emt 0:00:30]} hxg4 {[%emt 0:00:02]} 58. hxg4 {[%emt 0:00:01]} g5 {[%emt 0:00:00]} 59. Ke4 {[%emt 0:01:18]} Rb4+ {[%emt 0:00:05]} 60. Kd3 {[%emt 0:00:03]} Ke5 {[%emt 0:00:07]} 61. Kc3 {[%emt 0:00:09]} Rb8 {[%emt 0:00:02]} 62. Kd3 {[%emt 0:00:30]} f6 {[%emt 0:00:12]} 0-1

[Event "6th Uppsala Young Champions 2019"]
[Site "Uppsala"]
[Date "2019.10.26"]
[Round "2.5"]
[White "Narva, David"]
[Black "Palozza, Christian"]
[Result "0-1"]
[WhiteElo "1979"]
[BlackElo "2187"]
[Annotator "ChessBase"]
[PlyCount "46"]
[EventDate "2019.10.25"]
[EventType "swiss"]
[EventCountry "SWE"]
[SourceTitle "playchess.com"]
[Source "ChessBase"]
[SourceQuality "1"]
[TimeControl "5400+30"]

1. e4 {[%emt 0:00:00]} c6 {[%emt 0:00:00]} 2. d4 {[%emt 0:00:00]} d5 {[%emt 0:00:00]} 3. e5 {[%emt 0:00:00]} c5 {[%emt 0:00:00]} 4. Nf3 {[%emt 0:00:13]} Nc6 {[%emt 0:00:00]} 5. c4 {[%emt 0:00:44]} cxd4 {[%emt 0:00:09]} 6. cxd5 {[%emt 0:05:42]} Qxd5 {[%emt 0:00:19]} 7. Nc3 {[%emt 0:03:01]} Qa5 {[%emt 0:01:03]} 8. Nxd4 {[%emt 0:01:02]} Qxe5+ {[%emt 0:00:26]} 9. Be3 {[%emt 0:00:10]} Nf6 {[%emt 0:11:27]} 10. Bb5 {[%emt 0:04:39]} Bd7 {[%emt 0:00:05]} 11. O-O {[%emt 0:09:35]} e6 {[%emt 0:11:54]} 12. Nxc6 {[%emt 0:30:21]} bxc6 {[%emt 0:01:27]} 13. Bd4 {[%emt 0:02:53]} Qd6 {[%emt 0:03:55]} 14. Bxf6 {[%emt 0:06:03]} cxb5 {[%emt 0:03:35]} 15. Qxd6 {[%emt 0:09:13]} Bxd6 {[%emt 0:00:48]} 16. Bxg7 {[%emt 0:02:23]} Rg8 {[%emt 0:00:01]} 17. Ne4 {[%emt 0:00:23]} Rxg7 {[%emt 0:05:32]} 18. Nxd6+ {[%emt 0:00:13]} Ke7 {[%emt 0:00:04]} 19. Rfd1 {[%emt 0:01:01]} Bc6 {[%emt 0:01:14]} 20. Rac1 {[%emt 0:05:40]} Bxg2 {[%emt 0:10:37]} 21. Rc7+ {[%emt 0:08:28]} Kf6 {[%emt 0:00:16]} 22. Rd4 {[%emt 0:05:18]} Ke5 {[%emt 0:02:59]} 23. Rd2 {[%emt 0:00:41]} Bd5+ {[%emt 0:00:07]} 0-1